Normal view
MARC view
- PRINTED CIRCUITS INDUSTRY-COSTS
Entry Topical Term
001 - CONTROL NUMBER
- control field: 79592
003 - CONTROL NUMBER IDENTIFIER
- control field: NUST
005 - DATE AND TIME OF LATEST TRANSACTION
- control field: 20210628210505.0
008 - FIXED-LENGTH DATA ELEMENTS
- fixed length control field: 210628|| aca||aabn | a|a d
040 ## - CATALOGING SOURCE
- Original cataloging agency: NUST
- Transcribing agency: NUST
150 ## - HEADING--TOPICAL TERM
- Topical term or geographic name entry element: PRINTED CIRCUITS INDUSTRY-COSTS
670 ## - SOURCE DATA FOUND
- Source citation: Work cat.: (NUST): Hedden, Robert.P 79591, Cost engineering in printed circuit board manufacturing, 1987
